College Quizbowl Stats
College Quizbowl Stats
Circuits
Seasons
Sets
Records
Detailed Stats
About
Loading...
Northeast
Tossups
Bonuses
Players
Teams
Categories (Tossup)
Categories (Bonus)
Jake Markus
Dartmouth A
Categories
Category
Powers
Gets
Negs
BBs
Points
Earliest Buzz
Avg. Buzz
First Buzzes
Top 3 Buzzes
BPA
PVF
Science - Physics
0
2
0
0
20
97
112.50
0
0
0.00
0.00
Science - Other
0
1
0
0
10
121
121.00
0
0
0.00
0.00
Fine Arts - Painting and Sculpture
0
0
0
0
0
0.00
0
0
0.00
0.00
Literature - World
0
0
1
0
-5
0.00
0
0
0.00
0.00
Buzzes
Category
Answer
Value
Buzz Position
Science - Physics
neutrinos
10
97
Literature - World
Havana
-5
112
Science - Other
generation
10
121
Science - Other
CPU instructions
0
127
Science - Physics
tensors
10
128
Fine Arts - Painting and Sculpture
Isenheim Altarpiece
0
142
Previous
1
Next